| 000 | 01198pam a2200301 a 4500 | ||
|---|---|---|---|
| 001 | 1106063 | ||
| 003 | NUST - PNEC | ||
| 005 | 20170116180851.0 | ||
| 008 | 930409s1994 enka b 001 0 eng | ||
| 010 | _a 93013475 | ||
| 020 | _a0077077695 | ||
| 040 |
_aDLC _cLIBRARY _dDLC |
||
| 050 | 0 | 0 |
_aTA347.B69 _bB36 1994 |
| 082 | 0 | 0 | _a620.001/51535 BAN |
| 100 | 1 |
_aBanerjee, P. K. _q(Prasanta Kumar), _d1941- |
|
| 245 | 1 | 4 |
_aThe boundary element methods in engineering / _cP.K. Banerjee. |
| 250 | _a2nd ed. | ||
| 260 |
_aLondon ; _aNew York : _bMcGraw-Hill, _cc1994. |
||
| 300 |
_axiv, 496 p. : _bill. ; _c26 cm. |
||
| 500 | _aRev. ed. of: Boundary element methods engineering science / P.K. Banerjee and R. Butterrfield. c1981. | ||
| 504 | _aIncludes bibliographical references and index. | ||
| 650 | 0 |
_aBoundary element methods. _xME |
|
| 650 | 0 | _aEngineering mathematics. | |
| 700 | 1 |
_aBanerjee, P. K. _q(Prasanta Kumar), _d1941- _tBoundary element methods in engineering science. |
|
| 906 |
_a7 _bcbc _corignew _d1 _eocip _f19 _gy-gencatlg |
||
| 942 |
_2ddc _cBK |
||
| 999 |
_c64624 _d64624 |
||